Słowaccy sportowcy - nagła śmierć - Statystyki

Ogólne statystyki
  • Ten quiz został rozwiązany 48 razy
  • Średni wynik to 7 z 10
Answers on the Grid
Answers color-coded by a green-red scale on the quiz's grid according to % correct below.
Marek Hamšík
Edin Džeko
Jan Oblak
Milan Škriniar
Mikael Ishak
Ondrej Duda
Dušan Kuciak
Luka Zahovič
Lukáš Haraslín
Peter Prevc
Klemen Čebulj
Martin Škrtel
Nemanja Nikolics
Róbert Pich
Marián Kelemen
Darko Jevtić
Robert Kranjec
Róbert Jež
Luka Jović
Patrik Mráz
 
Statystyki odpowiedzi
Odpowiedź % Poprawnych
Marek Hamšík
93%
Milan Škriniar
83%
Lukáš Haraslín
78%
Dušan Kuciak
75%
Martin Škrtel
75%
Ondrej Duda
75%
Róbert Jež
65%
Róbert Pich
63%
Patrik Mráz
60%
Marián Kelemen
50%
Nie znaleziono quizów pasujących do podanych kryteriów
Rozkład punktacji
Procent ludzi z każdym wynikiem
Percentyl według liczby udzielonych odpowiedzi
Twoja historia wyników
Nie rozwiązałeś tego quizu